000 00568nam a2200193Ia 4500
003 GCL
008 140319s9999 xx 000 0 ara d
040 _aGCL /
_cGCL
082 0 4 _a819
_bر م
100 1 _aرحاب خضر عكاوى
245 1 0 _aالمنتخب من رسائل الجاحظ /
_cرحاب خضر عكاوى
260 _a[S.N] :
_bدار الفكر العربى ،
_c1992
300 _a220 ص
490 _a
650 0 4 _aالرسائل العربية
650 0 4 _aالرسائل
650 0 4 _aالرسائل فى الادب
942 _2ddc
_cBK
999 _c53975
_d53975